Emerging Zoonoses A Worldwide Perspective /

The book begins with a review of zoonotic pandemics of the past: the “Black Death” or bubonic plague of the Middle Ages, the Spanish Influenza pandemic (derived from avian influenza) of the early 20th century, to the more modern pandemic of AIDS/HIV infection, which originated in Africa from primate...

Full description

Bibliographic Details
Main Author: Fong, I. W. (Author)
Corporate Author: SpringerLink (Online service)
Format: Electronic eBook
Language:English
Published: Cham : Springer International Publishing : Imprint: Springer, 2017.
Series:Emerging Infectious Diseases of the 21st Century
Subjects:
Online Access:Full Text via HEAL-Link
LEADER 03773nam a22004815i 4500
001 978-3-319-50890-0
003 DE-He213
005 20171004141755.0
007 cr nn 008mamaa
008 170207s2017 gw | s |||| 0|eng d
020 |a 9783319508900  |9 978-3-319-50890-0 
024 7 |a 10.1007/978-3-319-50890-0  |2 doi 
040 |d GrThAP 
050 4 |a RC109-216 
072 7 |a MJCJ  |2 bicssc 
072 7 |a MED022090  |2 bisacsh 
082 0 4 |a 616.9  |2 23 
100 1 |a Fong, I. W.  |e author. 
245 1 0 |a Emerging Zoonoses  |h [electronic resource] :  |b A Worldwide Perspective /  |c by I. W. Fong. 
264 1 |a Cham :  |b Springer International Publishing :  |b Imprint: Springer,  |c 2017. 
300 |a XV, 250 p. 10 illus., 9 illus. in color.  |b online resource. 
336 |a text  |b txt  |2 rdacontent 
337 |a computer  |b c  |2 rdamedia 
338 |a online resource  |b cr  |2 rdacarrier 
347 |a text file  |b PDF  |2 rda 
490 1 |a Emerging Infectious Diseases of the 21st Century 
505 0 |a 1.Pandemic zoonoses from the Middle-Ages to the 20th Century -- 2.Animals and mechanisms of disease transmission -- 3.Swine and avian influenza outbreaks in recent times --  4.Emerging animal coronaviruses: First SARS and now MERS -- 5.Emergence of new tickborne infections -- 6.Chikungunya virus and Zika virus expansion: an imitation of Dengue virus -- 7.Ebola and Marburg: out of Africa -- 8.Hepatitis E: a zoonosis -- 9.Zoonotic malaria: Plasmodium knowlesi -- 10.Zoonotic streptococci: A focus on Streptocccus suis -- 11.New and emerging parasitic zoonoses. 
520 |a The book begins with a review of zoonotic pandemics of the past: the “Black Death” or bubonic plague of the Middle Ages, the Spanish Influenza pandemic (derived from avian influenza) of the early 20th century, to the more modern pandemic of AIDS/HIV infection, which originated in Africa from primates. However, the majority of chapters focus on more recent zoonoses, which have been recognized since the late 20th century to the present: SARS and MERS coronaviruses New avian influenza viruses The tick-borne Henan fever virus from China The tick-borne Heartland virus from the United States Recently recognized bacterial pathogens, such as Streptococcus suis from pigs. In addition, reemergence of established zoonoses that have expanded their niche are reviewed, such as the spread of Zika virus and Chikungunya virus to the Western Hemisphere, and the emergence and spread of Ebola virus infection in Africa. A chapter is also devoted to an overview of the mechanisms and various types of animals involved in the transmission of diseases to humans, and the potential means of control and prevention. Many endemic and sporadic diseases are still transmitted by animals, through either direct or indirect contact, and zoonoses are estimated to account for about 75% of all new and emerging infectious diseases. It is predicted by public health experts that the next major pandemic of infectious disease will be of animal origin, making Emerging Zoonoses: A Worldwide Perspective a crucial resource to all health care specialists by providing them with much needed information on these zoonotic diseases. 
650 0 |a Medicine. 
650 0 |a Medical microbiology. 
650 0 |a Virology. 
650 0 |a Infectious diseases. 
650 1 4 |a Medicine & Public Health. 
650 2 4 |a Infectious Diseases. 
650 2 4 |a Medical Microbiology. 
650 2 4 |a Virology. 
710 2 |a SpringerLink (Online service) 
773 0 |t Springer eBooks 
776 0 8 |i Printed edition:  |z 9783319508887 
830 0 |a Emerging Infectious Diseases of the 21st Century 
856 4 0 |u http://dx.doi.org/10.1007/978-3-319-50890-0  |z Full Text via HEAL-Link 
912 |a ZDB-2-SME 
950 |a Medicine (Springer-11650)